| 000 | 01041pam a2200313 a 4500 | ||
|---|---|---|---|
| 999 |
_c8694 _d8694 |
||
| 001 | 2404948 | ||
| 003 | GZU | ||
| 005 | 20210524100439.0 | ||
| 008 | 860331s1986 mnu b 001 0 eng | ||
| 010 | _a 86009071 | ||
| 020 |
_a0314996435 : _c$32.95 |
||
| 040 |
_aDLC _cDLC _dDLC |
||
| 043 | _an-us--- | ||
| 050 | 0 | 0 |
_aKF5407.A4 ROB 1986 _bR62 1986 |
| 082 | 0 | 0 |
_a342.73/066 _a347.30266 _219 |
| 100 | 1 | _aRobinson, Glen O. | |
| 245 | 1 | 4 |
_aThe administrative process / _cby Glen O. Robinson, Ernest Gellhorn, Harold H. Bruff. |
| 250 | _a3rd ed. | ||
| 260 |
_aSt. Paul, Minn. : _bWest Pub. Co., _c1986. |
||
| 300 |
_axxxiv, 978 p. ; _c26 cm. |
||
| 440 | 0 | _aAmerican casebook series | |
| 504 | _aIncludes bibliographical references and index. | ||
| 650 | 0 |
_aAdministrative procedure _zUnited States _xCases. |
|
| 650 | 0 |
_aAdministrative agencies _zUnited States. |
|
| 700 | 1 | _aGellhorn, Ernest. | |
| 700 | 1 |
_aBruff, Harold H., _d1944- |
|
| 906 |
_a7 _bcbc _corignew _d1 _eocip _f19 _gy-gencatlg |
||
| 942 |
_2lcc _cBK _e3rd ed. _h5407.A4 _iROB _kKF |
||